000 00832cam a22002171 4500
001 e 28000053
003 DLC
005 20260227111218.0
008 830608s1928 dcud 000 0 eng
010 _ae 28000053
035 _a(OCoLC)29093506
040 _aDLC
_cMnU
_dDLC
042 _apremarc
050 0 0 _aLC1045
_b.A25 no. 125
110 1 _aUnited States.
_bFederal Board for Vocational Education.
245 0 4 _aThe training of foreman conference leaders;
260 _aWashington, D.C.,
_bFederal board for vocational education,
_c1928.
300 _aix, 120 p.
_bcharts.
_c23 cm.
501 _aWith : A study of the professional training of teachers of vocational agriculture / Edwin Lee Holton. Washington : Govt. Print. Off., 1927. Bound together subsequent to publication.
_5DLC
650 0 _aSupervisors, Industrial.
999 _c20901
_d20901